| 000 | 02554nam a2200445 a 4500 | ||
|---|---|---|---|
| 001 | ebr10479824 | ||
| 003 | CaPaEBR | ||
| 006 | m u | ||
| 007 | cr cn||||||||| | ||
| 008 | 091204s2009 enk sb 001 0 eng d | ||
| 010 | _z 2009504166 | ||
| 020 | _z0745328946 | ||
| 020 | _z9780745328935 (pbk. : acid-free paper) | ||
| 020 | _z0745328938 (pbk.) | ||
| 020 | _z9780745328942 | ||
| 020 | _z9781849644259 (e-book) | ||
| 040 |
_aCaPaEBR _cCaPaEBR |
||
| 035 | _a(OCoLC)658007698 | ||
| 043 | _ae-uk--- | ||
| 050 | 1 | 4 |
_aP96.O242 _bG74 2009eb |
| 082 | 0 | 4 |
_a302.2309051 _222 |
| 100 | 1 |
_aEdwards, David, _d1962- |
|
| 245 | 1 | 0 |
_aNewspeak in the 21st century _h[electronic resource] / _cDavid Edwards and David Cromwell. |
| 246 | 3 | _aNewspeak in the twenty-first century | |
| 260 |
_aLondon ; _aNew York : _bPluto Press ; _aNew York : _bDistributed in the United States of America exclusively by Palgrave Macmillan, _c2009. |
||
| 300 | _aviii, 299 p. | ||
| 504 | _aIncludes bibliographical references and index. | ||
| 505 | 0 | _aNo conspiracy : solving the propaganda puzzle -- BBC balance : the magnificent fiction -- Back to back bias : an A-Z of BBC propaganda -- Climate chaos : keeping madness mainstream -- Plan A/Plan B: the Downing Street memo -- Mind your methodology : killing the 2004 Lancet report -- One million dead and counting : the 2006 Lancet report and beyond -- Bitter harvest : bombings in Britain, Spain and Iraq -- Israel and Palestine : an eye for an eyelash -- Real men go to Tehran : targeting Iran -- Iran in Iraq -- Venezuela : dousing the firebrand -- Liberal press gang : behind the scenes at the Independent and the Guardian -- Brilliant fools : snarls, smears and the dark art of Willy-waving -- Compassion, awareness and honest journalism. | |
| 533 |
_aElectronic reproduction. _bPalo Alto, Calif. : _cebrary, _d2013. _nAvailable via World Wide Web. _nAccess may be limited to ebrary affiliated libraries. |
||
| 650 | 0 |
_aJournalism _xObjectivity _zGreat Britain. |
|
| 650 | 0 |
_aJournalism _xSocial aspects _zGreat Britain. |
|
| 650 | 0 |
_aMass media _xObjectivity _zGreat Britain. |
|
| 650 | 0 |
_aMass media _xSocial aspects _zGreat Britain. |
|
| 650 | 0 |
_aJournalistic ethics _zGreat Britain. |
|
| 650 | 0 |
_aPress and politics _zGreat Britain _xHistory _y21st century. |
|
| 655 | 7 |
_aElectronic books. _2local |
|
| 700 | 1 |
_aCromwell, David, _d1962- |
|
| 710 | 2 | _aebrary, Inc. | |
| 856 | 4 | 0 |
_uhttp://site.ebrary.com/lib/rucke/Doc?id=10479824 _zAn electronic book accessible through the World Wide Web; click to view |
| 999 |
_c219799 _d219799 |
||